000
00282nam a2200121Ia 4500
005
20251222144828.0
008
251222s9999||||xx |||||||||||||| ||spa||
082
_a
658.402/B24
100
_a
Barbachán Palacios, Luis
245
0
_a
Reingenieria:
264
_b
CINSEYT
942
_c
LIB
999
_c
20751
_d
20751